Zgadnij postacie z Brawl stars po nawiązujących do nich zdj. - Statystyki

Ogólne statystyki
  • Ten quiz został rozwiązany 1 602 razy
  • Średni wynik to 19 z 29
Statystyki odpowiedzi
Obrazkowy Odpowiedź % Poprawnych
Bea
93%
8-Bit
92%
Emz
88%
Colt
84%
Poco
84%
Max
80%
El primo
79%
Bull
75%
Barley
73%
Crow
72%
Spike
72%
Tara
70%
Dynamike
69%
Bibi
68%
Gene
67%
Leon
67%
Nita
67%
Darryl
65%
Sandy
65%
Piper
64%
Mortis
58%
Rico
56%
Bo
52%
Jessie
51%
Carl
50%
Penny
48%
Frank
43%
Shelly
38%
Pam
36%
Nie znaleziono quizów pasujących do podanych kryteriów
Rozkład punktacji
Procent ludzi z każdym wynikiem
Percentyl według liczby udzielonych odpowiedzi
Twoja historia wyników
Nie rozwiązałeś tego quizu